Tilastot visalle Kuuluisat taideteokset - Kuvavisa #2

Klikkaa tästä pelataksesi tätä visaa!

Yleistilastot

  • Tätä visaa on pelattu 70 kertaa
  • Keskiarvotulos 7 / 15

Vastaustilastot

Vastaus% Oikein
Edvard Munch /
Huuto
100%
Leonardo da Vinci /
Mona Lisa
100%
Michelangelo /
David
76%
Vincent van Gogh /
Auringonkukat
75%
Pablo Picasso /
Avignonin naiset
71%
Auguste Rodin /
Ajattelija
59%
Sandro Botticelli /
Venuksen syntymä
57%
Claude Monet /
Lumpeita
53%
Akseli Gallen-Kallela /
Kullervon sotaanlähtö
39%
Pierre-Auguste Renoir /
Bal du moulin de la Galette
33%
Paul Gauguin /
Mistä tulemme? ...
24%
Rafael/
Sikstuksen Madonna
20%
Wassily Kandinsky /
Kompositio VIII
18%
Francisco de Goya /
Toukokuun kolmas 1808
12%
Georges Seurat /
Sunnuntai-iltapäivä La Grande Jatten saarella
12%

Tulosjakauma

Persentiili vastausten määrän mukaan

Jokaisen tuloksen saaneiden osuus

Tuloshistoriasi

Et ole pelannut tätä visaa